header

Inside China's shadow banking (Record no. 41287)

MARC details
000 -LEADER
fixed length control field 01236nam a2200325 a 4500
100 1# - MAIN ENTRY--AUTHOR NAME
Personal name Zhang, Joe.
245 10 - TITLE STATEMENT
Title Inside China's shadow banking
260 ## - PUBLICATION, DISTRIBUTION, ETC. (IMPRINT)
Place of publication Singapore :
Name of publisher Enrich Professional Pub.,
Year of publication 2014.
300 ## - PHYSICAL DESCRIPTION
Number of Pages x, 166 p.
500 ## - GENERAL NOTE
General note "Edited by Janet Cheng and Glenn Griffith."--t.p. verso.
650 #0 - SUBJECT ADDED ENTRY--TOPICAL TERM
Topical Term Banks and banking
700 1# - ADDED ENTRY--PERSONAL NAME
Personal name Cheng, Janet.
Personal name Griffith, Glenn.
856 40 - ELECTRONIC LOCATION AND ACCESS
Uniform Resource Identifier http://site.ebrary.com/lib/rucke/Doc?id=10715703

No items available.

© 2026 Rongo University
Contact us: librarian | system librarian | Rongo university